[Event "Holanda ch femenino 2007"]
[Site "Hilversum NED"]
[Date "2007.06.26"]
[Round "7.5"]
[White "Schut, Donna"]
[Black "Bensdorp, Laura"]
[Result "0-1"]
[WhiteElo "2026"]
[BlackElo "2120"]
[PlyCount "60"]
[EventDate "2007.06.18"]
[EventType "tourn"]
[EventRounds "9"]
[EventCountry "NED"]
[Source "lmi"]
[SourceDate "2007.06.18"]

1. e4 c5 2. Nf3 d6 3. d4 cxd4 4. Nxd4 Nf6 5. f3 e5 6. Nb3 a5 7. Be3 a4 8. N3d2
d5 9. Bd3 Nc6 10. O-O Be7 11. Bf2 O-O 12. Nc3 Nb4 13. Qe2 Nxd3 14. Qxd3 dxe4
15. Ndxe4 Qxd3 16. cxd3 Bf5 17. Rfd1 a3 18. bxa3 Rxa3 19. Nb5 Ra5 20. Nbd6 Be6
21. a4 Bb3 22. Rdb1 Rxa4 23. Rxa4 Bxa4 24. Rxb7 Nxe4 25. Nxe4 Re8 26. Kf1 Bf8
27. Ke2 Rc8 28. Ra7 Bb5 29. Ra5 Rc2+ 30. Nd2 Rxd2+ 0-1

[Event "Holanda ch femenino 2007"]
[Site "Hilversum NED"]
[Date "2007.06.27"]
[Round "8.1"]
[White "Bensdorp, Marlies"]
[Black "Muhren, Bianca"]
[Result "1/2-1/2"]
[WhiteElo "2227"]
[BlackElo "2311"]
[PlyCount "55"]
[EventDate "2007.06.18"]
[EventType "tourn"]
[EventRounds "9"]
[EventCountry "NED"]
[Source "lmi"]
[SourceDate "2007.06.18"]

1. d4 d5 2. Nf3 Nf6 3. c4 dxc4 4. e3 a6 5. Bxc4 e6 6. O-O c5 7. a4 Nc6 8. Qe2
Qc7 9. Nc3 Be7 10. Rd1 O-O 11. b3 b6 12. Bb2 Bb7 13. d5 exd5 14. Nxd5 Nxd5 15.
Bxd5 Na5 16. Be5 Qc8 17. e4 Re8 18. Qb2 Bxd5 19. exd5 Bf8 20. Bc3 Nb7 21. Ne5
f6 22. Nc6 Nd8 23. Nxd8 Rxd8 24. Rd3 Qf5 25. Rad1 Rd7 26. Qe2 Rad8 27. h3 Re7
28. Qf1 1/2-1/2

[Event "Holanda ch femenino 2007"]
[Site "Hilversum NED"]
[Date "2007.06.27"]
[Round "8.3"]
[White "Middelveld, Martine"]
[Black "Peng, Zhaoqin"]
[Result "0-1"]
[WhiteElo "2019"]
[BlackElo "2439"]
[PlyCount "74"]
[EventDate "2007.06.18"]
[EventType "tourn"]
[EventRounds "9"]
[EventCountry "NED"]
[Source "lmi"]
[SourceDate "2007.06.18"]

1. d4 Nf6 2. Nf3 e6 3. g3 b5 4. Qd3 a6 5. Bg2 Bb7 6. Nbd2 d5 7. a4 b4 8. c4
bxc3 9. bxc3 c5 10. O-O Nc6 11. Ba3 c4 12. Qc2 Bxa3 13. Rxa3 O-O 14. Rb1 Qc7
15. e4 h6 16. e5 Nd7 17. Ne1 Rab8 18. f4 Ne7 19. Bh3 Bc6 20. Rxb8 Rxb8 21. Ng2
Nb6 22. Ne3 Bd7 23. f5 exf5 24. Nxf5 Bxf5 25. Bxf5 Nxf5 26. Qxf5 Qd7 27. Qc2
Qg4 28. Nf1 Nd7 29. Ra2 f6 30. exf6 Nxf6 31. Rb2 Rxb2 32. Qxb2 Qf3 33. Nd2 Qe3+
34. Kg2 Qe2+ 35. Kg1 Qd1+ 36. Kg2 Qxa4 37. Qb8+ Qe8 0-1

[Event "Holanda ch femenino 2007"]
[Site "Hilversum NED"]
[Date "2007.06.27"]
[Round "8.4"]
[White "Van Nies, Pauline"]
[Black "Schut, Donna"]
[Result "1-0"]
[WhiteElo "2174"]
[BlackElo "2026"]
[PlyCount "41"]
[EventDate "2007.06.18"]
[EventType "tourn"]
[EventRounds "9"]
[EventCountry "NED"]
[Source "lmi"]
[SourceDate "2007.06.18"]

1. e4 e6 2. d4 d5 3. Nd2 Nf6 4. e5 Nfd7 5. c3 c5 6. f4 Nc6 7. Ndf3 Qb6 8. a3
Be7 9. h4 cxd4 10. cxd4 f6 11. Bd3 O-O 12. Ne2 fxe5 13. fxe5 Kh8 14. Bb1 Ndxe5
15. dxe5 Nxe5 16. Nxe5 Qf2+ 17. Kd2 d4 18. Qg1 Qf6 19. Ng4 Qf7 20. Bd3 Qh5 21.
Qxd4 1-0

[Event "Holanda ch femenino 2007"]
[Site "Hilversum NED"]
[Date "2007.06.27"]
[Round "8.5"]
[White "Van Weersel, Arlette"]
[Black "Otten, Colleen"]
[Result "1-0"]
[WhiteElo "2156"]
[BlackElo "2038"]
[PlyCount "81"]
[EventDate "2007.06.18"]
[EventType "tourn"]
[EventRounds "9"]
[EventCountry "NED"]
[Source "lmi"]
[SourceDate "2007.06.18"]

1. e4 c5 2. c4 Nc6 3. Ne2 e6 4. Nbc3 a6 5. d4 cxd4 6. Nxd4 Bc5 7. Nb3 Be7 8.
Be2 d6 9. Be3 b6 10. O-O Nf6 11. f3 O-O 12. Qd2 Qc7 13. Rac1 Ne5 14. Nd4 Bb7
15. Rfd1 Rac8 16. Na4 Ned7 17. b4 Qb8 18. Nb2 g6 19. Nb3 d5 20. exd5 exd5 21.
c5 a5 22. a3 Qa8 23. cxb6 axb4 24. a4 Rfd8 25. a5 d4 26. Bxd4 Nc5 27. Nxc5 Bxc5
28. Rxc5 Rxc5 29. Qxb4 Rc6 30. a6 Bxa6 31. Ra1 Qc8 32. Bxa6 Rc1+ 33. Rxc1 Qxc1+
34. Bf1 Nd5 35. Qc4 Qd2 36. Qd3 Qb4 37. Qc4 Qd2 38. b7 Ne3 39. Qd3 Nxf1 40.
Qxd2 Nxd2 41. Be5 1-0

[Event "Holanda ch femenino 2007"]
[Site "Hilversum NED"]
[Date "2007.06.28"]
[Round "9.1"]
[White "Peng, Zhaoqin"]
[Black "Hamelink, Desiree"]
[Result "1/2-1/2"]
[WhiteElo "2439"]
[BlackElo "2220"]
[PlyCount "178"]
[EventDate "2007.06.18"]
[EventType "tourn"]
[EventRounds "9"]
[EventCountry "NED"]
[Source "lmi"]
[SourceDate "2007.06.18"]

1. Nf3 d5 2. c4 c6 3. b3 Nf6 4. Bb2 a6 5. g3 g6 6. Bg2 Bg7 7. O-O O-O 8. d3 Re8
9. Qc2 Nbd7 10. Nbd2 e5 11. Rfd1 d4 12. b4 c5 13. Ba3 Rb8 14. Rab1 Qc7 15. Ng5
b6 16. bxc5 Nxc5 17. Nde4 Nfxe4 18. Nxe4 Nxe4 19. Bxe4 Bd7 20. Qd2 Bc6 21. f3
f5 22. Bxc6 Qxc6 23. Rf1 Bf8 24. Bxf8 Rxf8 25. Rb3 Rbd8 26. Rfb1 Rd6 27. Rxb6
Qxb6 28. Rxb6 Rxb6 29. Qa5 Re6 30. Qd5 Rff6 31. h4 Kg7 32. c5 Kh6 33. Kf2 g5
34. hxg5+ Kxg5 35. Qd8 h5 36. Qh8 f4 37. Qg7+ Rg6 38. gxf4+ Kxf4 39. Qb7 Rc6
40. Qf7+ Kg5 41. Qe7+ Kf5 42. Qh4 Rcf6 43. Qxh5+ Ke6 44. Qh4 Rg7 45. Qh8 Rc7
46. Qg8+ Rff7 47. Qb8 Kd5 48. Qa8+ Rc6 49. Qg8 Rcc7 50. Qg6 Kxc5 51. Qxa6 Ra7
52. Qc4+ Kd6 53. a4 Rfc7 54. Qb5 Rab7 55. Qa6+ Kd5 56. a5 Rh7 57. Qa8 Kc5 58.
Qe8 Rhe7 59. Qa4 Ra7 60. Qc4+ Kd6 61. a6 Rac7 62. Qb5 Rf7 63. Qb6+ Kd5 64. Ke1
Rc1+ 65. Kf2 Rcc7 66. Qb8 Rfe7 67. Qb3+ Kd6 68. Qb6+ Kd5 69. e4+ dxe3+ 70. Kxe3
Rf7 71. Qb3+ Kd6 72. Qa3+ Kd5 73. Qa5+ Kd6 74. Qb5 Ke6 75. Qb8 Kd5 76. Qe8 Rfe7
77. Qb5+ Ke6 78. Ke4 Kf6 79. Qb6+ Kf7 80. Kf5 Ra7 81. Qg6+ Kf8 82. Qd6 Kf7 83.
Qb6 Rac7 84. f4 exf4 85. Kxf4 Rcd7 86. d4 Kg7 87. Kg5 Rd5+ 88. Kf4 Rdd7 89. Qc6
Rxd4+ 1/2-1/2

[Event "Holanda ch femenino 2007"]
[Site "Hilversum NED"]
[Date "2007.06.28"]
[Round "9.3"]
[White "Muhren, Bianca"]
[Black "Van Weersel, Arlette"]
[Result "1-0"]
[WhiteElo "2311"]
[BlackElo "2156"]
[PlyCount "129"]
[EventDate "2007.06.18"]
[EventType "tourn"]
[EventRounds "9"]
[EventCountry "NED"]
[Source "lmi"]
[SourceDate "2007.06.18"]

1. e4 e5 2. Nf3 Nc6 3. Bb5 a6 4. Bxc6 dxc6 5. O-O Bg4 6. h3 h5 7. d3 Qf6 8.
Nbd2 Bc5 9. Nc4 Bxf3 10. Qxf3 Qxf3 11. gxf3 f6 12. f4 exf4 13. Bxf4 O-O-O 14.
Be3 Bxe3 15. Nxe3 Ne7 16. f4 f5 17. Nxf5 Nxf5 18. exf5 Rhf8 19. Rae1 Rxf5 20.
Re5 Rdf8 21. Rxf5 Rxf5 22. Kg2 Kd7 23. Kg3 Rb5 24. b3 Ra5 25. a4 Rc5 26. c4 b5
27. f5 Re5 28. Kf4 Re2 29. Rg1 Rf2+ 30. Ke4 Re2+ 31. Kf4 Rf2+ 32. Ke4 Re2+ 33.
Kf3 Re7 34. Rg6 bxa4 35. bxa4 a5 36. Kf4 c5 37. Rg5 Rf7 38. Rxh5 g6 39. Rg5
gxf5 40. Rxf5 Rh7 41. Kg4 Ke6 42. Rxc5 Rd7 43. Rd5 Rg7+ 44. Kf4 Rh7 45. Rxa5
Rxh3 46. Ke4 Rh4+ 47. Ke3 Kd6 48. Rd5+ Kc6 49. Kd2 Rh2+ 50. Kc3 Ra2 51. a5 Ra1
52. Kd4 Ra3 53. Rb5 Kd6 54. Rh5 Kd7 55. Ke4 Kc6 56. Rg5 Ra4 57. Kd4 Ra3 58.
Rg6+ Kb7 59. a6+ Rxa6 60. Rxa6 Kxa6 61. Kc5 Kb7 62. Kb5 c6+ 63. Kc5 Kc7 64. d4
Kd7 65. Kb6 1-0

[Event "Holanda ch femenino 2007"]
[Site "Hilversum NED"]
[Date "2007.06.28"]
[Round "9.4"]
[White "Schut, Donna"]
[Black "Bensdorp, Marlies"]
[Result "1/2-1/2"]
[WhiteElo "2026"]
[BlackElo "2227"]
[PlyCount "189"]
[EventDate "2007.06.18"]
[EventType "tourn"]
[EventRounds "9"]
[EventCountry "NED"]
[Source "lmi"]
[SourceDate "2007.06.18"]

1. e4 e6 2. d4 d5 3. e5 c5 4. c3 Qb6 5. Nf3 Bd7 6. a4 Nc6 7. Be2 Nh6 8. O-O
cxd4 9. b4 dxc3 10. b5 Na5 11. Nxc3 Rc8 12. Bd2 Bc5 13. Rb1 Qc7 14. Bd3 b6 15.
Qe1 Ng8 16. Kh1 Ne7 17. h4 h5 18. Qe2 g6 19. Bg5 Ng8 20. Rfc1 Nh6 21. Qd2 Ng4
22. Nd1 Qb8 23. Qf4 Nb7 24. Kg1 Rg8 25. Be2 Bf8 26. Ne3 Rxc1+ 27. Rxc1 Nxe3 28.
fxe3 Bg7 29. Bf6 Bxf6 30. Qxf6 Qd8 31. Qf4 Nc5 32. Ng5 Rg7 33. Rf1 Qe7 34. Bd1
Bc8 35. Bc2 Bb7 36. Nxf7 Kd7 37. Nd6 Kc7 38. a5 g5 39. hxg5 Rxg5 40. a6 Bc8 41.
Qb4 Rg7 42. Qf4 Nd7 43. Qh6 Rg8 44. Bh7 Qg5 45. Rc1+ Nc5 46. Qxg5 Rxg5 47. Rf1
Rxe5 48. Nxc8 Kxc8 49. Rf8+ Kc7 50. Ra8 Rxe3 51. Rxa7+ Kd6 52. Ra8 Ra3 53. Bg6
h4 54. Be8 d4 55. a7 Ke5 56. Bc6 Ne4 57. Rh8 Ra1+ 58. Kh2 Ng3 59. Rxh4 Nf1+ 60.
Kh3 Ra3+ 61. Kg4 Rxa7 62. Kf3 Rf7+ 63. Ke2 Ng3+ 64. Kd3 Ra7 65. Rg4 Ra3+ 66.
Kd2 Re3 67. Rg5+ Kd6 68. Rg8 e5 69. Rg4 Kc5 70. Kc2 Kc4 71. Bf3 Nf1 72. Bc6 Re1
73. Rh4 Ng3 74. Rg4 Nf5 75. Rg5 d3+ 76. Kd2 Re2+ 77. Kc1 d2+ 78. Kd1 Nd4 79.
Rg4 Re1+ 80. Kxd2 Re2+ 81. Kd1 Rb2 82. Re4 Kd3 83. Kc1 Rc2+ 84. Kb1 Rc5 85. Re1
Nxc6 86. bxc6 e4 87. Rc1 Rb5+ 88. Ka2 Ra5+ 89. Kb3 Ra8 90. c7 Rc8 91. Kb4 Kd2
92. Rc6 Ke1 93. Re6 Kf1 94. Kb5 Kxg2 95. Rf6 1/2-1/2